| 000 | 01551nam0a2200361 4500 | ||
|---|---|---|---|
| 001 | RU\NLR\BIBL_A\016349456 | ||
| 005 | 20250702130803.0 | ||
| 010 | _a978-5-8114-9116-2 | ||
| 010 | _a978-5-4495-1656-5 | ||
| 010 |
_a979-0-66005-958-6 _980 |
||
| 035 | _a(NLR Aleph) 016349456 | ||
| 090 |
_a13315238 _c13315238 |
||
| 100 | _a20230419d2022 |||y0rusy50 ca | ||
| 101 | 0 |
_arus _deng |
|
| 102 | _aRU | ||
| 105 | _aag||z|||000cy | ||
| 181 | 0 |
_ai3 _baxxe |
|
| 182 | 0 | _an | |
| 200 | 1 |
_aАнализ музыкального произведения: на пути к слушателю _eочерки _fЮ. Н. Рагс |
|
| 203 |
_aТекст _bвизуальный _cнепосредственный |
||
| 210 |
_aСанкт-Петербург [и др.] _cЛань, Планета музыки _d2022 |
||
| 215 |
_a393, [1] с. _cноты, табл. _d21 |
||
| 300 | _aНа обороте тит. с. в аннот. авт.: Ю. Н. Рагс, ученый-музыковед, д-р искусствоведения, проф. | ||
| 300 | _aРез. англ. | ||
| 320 | _aБиблиогр. Нот. изд.: с. 377-394 (187 назв.), в тексте и подстроч. примеч. | ||
| 333 | _a12+ | ||
| 606 | 1 |
_aМузыкальные произведения _xАнализ _91692990 _3RU\NLR\AUTH\66752867 |
|
| 686 | 1 | _aЩ310.585я44 | |
| 700 | 1 |
_aРагс _bЮ. Н. _f1926-2012 _gЮрий Николаевич |
|
| 942 | _cBOOK | ||
| 980 | _aNB | ||